Manner-Suomen pienimmät kunnat pinta-alan mukaan - Statistics

Yleistilastot
  • Tätä visaa on pelattu 37 kertaa
  • Keskiarvotulos 15 / 30
Vastaustilastot
% Oikein
6,00 km² Kauniainen
96%
30,79 km² Kerava
80%
39,93 km² Järvenpää
68%
103,97 km² Pirkkala
68%
10,79 km² Kaskinen
64%
176,37 km² Masku
64%
119,12 km² Hanko
60%
49,37 km² Raisio
60%
102,36 km² Kemi
56%
127,90 km² Rusko
56%
191,28 km² Imatra
52%
125,55 km² Riihimäki
52%
143,09 km² Taivassalo
52%
168,43 km² Kustavi
48%
117,83 km² Oripää
48%
192,29 km² Vehmaa
48%
95,58 km² Aura
44%
110,31 km² Kempele
44%
176,93 km² Luoto
44%
127,74 km² Harjavalta
40%
151,69 km² Kaarina
40%
91,81 km² Pietarsaari
40%
150,09 km² Pornainen
40%
145,94 km² Pukkila
40%
183,25 km² Ypäjä
40%
148,43 km² Pyhäranta
36%
184,88 km² Nakkila
32%
148,61 km² Humppila
28%
181,94 km² Jokioinen
20%
186,35 km² Karijoki
20%
Ehtoja vastaavia visoja ei löytynyt
Tulosjakauma
Jokaisen tuloksen saaneiden osuus
Persentiili vastausten määrän mukaan
Tuloshistoriasi
Et ole pelannut tätä visaa